000 01107nam a2200229Ia 4500
999 _c39768
_d39768
001 6373
003 GE_BSU
005 20191125163923.0
008 181216s1957||||ge |||||||||||||| ||geo||
040 _cGE_BSU
041 _ageo
080 _a821.353.1-31 ბ-20
245 _aბალავარიანის ქართული რედაქციები :
_cგამოსცა, გამოკვლევა და ლექსიკონი დაურთო ილია აბულაძემ ; ა. შანიძის რედ.
264 _aთბილისი :
_bსაქ.სსრ.მეცნ.აკად. გამ-ბა,
_c1957.
300 _a216 გვ.;
_b25 სმ.
490 _aძველი ქართული ენის ძეგლები;
_v10.
653 _aქართული რედაქციები
653 _aქართული ენა
700 _aშანიძე, ა.
_eრედაქტორი
_95569
700 _aაბულაძე, ილია
_eგამომცემელი
_93494
942 _cBK
_2udc